Statistics for UEFA Euro 2000 Results

Click here to take the quiz!

General Stats

  • This quiz has been taken 1,101 times
  • The average score is 14 of 16

Answers on the Map

Answers color-coded by a green-red scale on the quiz's map according to % correct below.
 

Answer Stats

Answer% Correct
France
98%
Italy
98%
England
97%
Portugal
97%
Netherlands
96%
Spain
96%
Germany
94%
Belgium
92%
Sweden
91%
Denmark
88%
Czech Republic
81%
Romania
81%
Norway
77%
Turkey
77%
Slovenia
65%
FR Yugoslavia
54%

Score Distribution

Percentile by Number Answered

Percent of People with Each Score

Your Score History

You have not taken this quiz